00959cam a22002657i 4500999001500000001000600015003000900021005001700030008004100047020001800088040003800106082001900144100001800163245004500181264006000226300004100286500002000327650003500347650004800382650005700430655004700487655003000534942001200564952011700576 c3152d315219809BD-DhUAP20200302125212.0151116s2016 nyua 001 0 eng d a9780847848225 aBD-DhUAPbEngcBD-DhUAPdBD-DhUAP04223a728.37 ZEI1 aZeiger, Mimi.10aTiny :bhouses in cities /cMimi Zeiger. 1aNew York :bRizzoli International Publications,cc2016. a207 pages :billustrations ;c18 cm. aIncludes index. 0aSmall housesvPictorial works. 0aArchitect-designed housesvPictorial works. 0aArchitecture, Moderny21st centuryvPictorial works. 7aPictorial works.2fast0(OCoLC)fst01423874 7aIllustrated works.2lcgft 2ddccBK 00102ddc4070aUAPCLbUAPCLcGeneral Stacksd2020-03-02o728.37 ZEIp3010019809r2020-03-02t1w2020-03-02yBK